Szczegóły MARC21

Między oczekiwaniami a rzeczywistością : postrzeganie nauczycieli przez gimnazjalistów /

003 -Nazwa inst., której nr kontr. jest w polu 001 [,]
    • @
    • Nazwa instytucji, której n kontrolny jest w polu 001
    • NUKAT
005 -DATA I CZAS OSTATNIEJ MODYFIKACJI [,]
    • @
    • pole kontrolne
    • 20241231111314.0
020 -Międzynarod. znormalizowany nr książki - ISBN [ , ]
    • a
    • Numer ISBN
    • 9788389163349 Find
040 -Instytucja sporządzająca opis [ , ]
    • a
    • Instytucja, która sporządziła opis (NP)
    • TOR U/PDJR
    • c
    • Instytucja, która sporządziła rekord (NP)
    • TOR U/PDJR
    • d
    • Instytucja, która zmodyfikowała rekord (P)
    • TOR U/AP
    • d
    • Instytucja, która zmodyfikowała rekord (P)
    • WA U/JKs
942 -Rodzaj dokumentu [ , ]
    • c
    • Rodzaj dokumentu
    • Książka
100 -Hasło główne - nazwa osobowa [1, ]
    • a
    • Nazwa osobowa (NP)
    • Guzy-Steinke, Halina Maria.
    • 9
    • KHW
    • 13113
245 -Strefa tytułu i oznaczenia odpowiedzialności [1,0]
    • a
    • Tytuł
    • Między oczekiwaniami a rzeczywistością : Find
    • b
    • Ciąg dalszy tytułu (NP)
    • postrzeganie nauczycieli przez gimnazjalistów / Find
    • c
    • Pozostałe elementy strefy tytułu i oznaczenia odpowiedzialności (NP)
    • Halina Guzy-Steinke.
260 -Strefa adresu wydawniczego [ , ]
    • a
    • Miejsce wydania (P)
    • Toruń :
    • b
    • Nazwa wydawcy (P)
    • Wydawnictwo Edukacyjne "Akapit",
    • c
    • Data wydania (P)
    • 2007.
300 -Strefa opisu fizycznego [ , ]
    • a
    • Określenie formy książki i/lub objętość (NP)
    • 145 s. ;
    • c
    • Format (NP)
    • 21 cm.
336 -Typ zawartości [ , ]
    • a
    • Termin opisujący typ zawartości
    • Tekst
    • b
    • Kod określający zawartość
    • txt
    • 2
    • Źródło (terminu i kodu)
    • rdacontent
337 -Typ mediów [ , ]
    • a
    • Tryb odtwarzania
    • Bez urządzenia pośredniczącego
    • b
    • Kod typu mediów
    • n
    • 2
    • Źródło (terminu i kodu)
    • rdamedia
338 -Typ/rodzaj nośnika [ , ]
    • a
    • Hasło opisujące typ nośnika
    • Wolumin
    • b
    • Kod typu nośnika
    • nc
    • 2
    • Źródło (terminu i kodu)
    • rdacarrier
504 -Uwaga dot. bibliogr. załącznikowej [ , ]
    • a
    • Uwaga dot. bibliografii załącznikowej
    • Bibliogr. s. 139-145.
080 -Uniwersalna Klasyfikacja Dziesiętna [ , ]
    • 2
    • Identyfikator wydania tablic
    • UDC-P058
    • a
    • Symbol klasyfikacji
    • 37.064.2
    • b
    • Dopowiedzenie
    • Nauczyciele a uczniowie. Wychowanie w szkole.
    • x
    • Poddział wspólny
    • (438)
    • b
    • Dopowiedzenie
    • (Polska).
650 -Hasło przedmiotowe [ ,7]
    • a
    • Hasło przedmiotowe
    • Relacje nauczyciel-uczeń
    • x
    • Określnik rzeczowy
    • aspekt psychologiczny.
    • 2
    • Źródło terminu
    • kaba
    • 9
    • KHW
    • 375961
650 -Hasło przedmiotowe [ ,7]
    • a
    • Hasło przedmiotowe
    • Uczniowie szkół średnich
    • z
    • Określnik geograficzny
    • Polska
    • z
    • Określnik geograficzny
    • Kujawsko-Pomorskie, Województwo (1999- )
    • x
    • Określnik rzeczowy
    • postawy.
    • 2
    • Źródło terminu
    • kaba
    • 9
    • KHW
    • 715280
980 -Symbol UKD [ , ]
    • a
    • UKD
    • 37.064.2(438)
710 -Hasło dodatkowe - nazwa ciała zbiorowego [2, ]
    • a
    • Nazwa ciała zbiorowego lub nazwa geograficzna jako pierwszy element (NP)
    • Wydawnictwo Edukacyjne "Akapit".
    • 4
    • Kod relacji
    • pbl
    • 9
    • KHW
    • 53310
920 -ISBN [ , ]
    • a
    • ISBN
    • 978-83-89163-34-9 Find
Numer inwentarzowy Status udost. Data inwentaryzacji Lokalizacja
Pd.1923712008-04-21BG